000 00747nam a2200229Ia 4500
003 OSt
005 20220923225543.0
006 a|||||r|||| 00| 0
007 ta
008 Pun
024 _a271,077
037 _cTextual
040 _aARTS
_cARTS
_bPun
041 _2Pun
_aPun
082 _aO152,1H77w, 153L8
100 _aਅਟਾਰੀ, ਈFਰ ਸਿੰਘ, ਥਦ.
_9168718
245 0 _aਸ੍ਰੀ ਗੁਰੂ ਰਵਿਦਾਸ ਜੀ
260 _aਜਲੰਧਰ
_b ਪੰਜਾਬੁੀ ਸਾਹਿਤ ਸਮੀਖਿਆ ਬੋਰਡ
_c1978
650 _aਪੰਜਾਬੀ ਸਾਹਿਤ
942 _hO152,1H77w, 153L8
_cTEXL
_2CC
999 _c379069
_d379069